Countries and Capitals Impossible - Statistics

General Stats
  • This quiz has been taken 14 times
  • The average score is 245 of 396
Answer Stats
Hint Type Answer % Correct
ru-c World Capital Moscow
85%
nl-c World Capital Amsterdam
77%
at Country Austria
77%
be Country Belgium
77%
de-c World Capital Berlin
77%
be-c World Capital Brussels
77%
eg-c World Capital Cairo
77%
ca Country Canada
77%
dk-c World Capital Copenhagen
77%
cy Country Cyprus
77%
dk Country Denmark
77%
ie-c World Capital Dublin
77%
eg Country Egypt
77%
ee Country Estonia
77%
fi Country Finland
77%
fr Country France
77%
de Country Germany
77%
fi-c World Capital Helsinki
77%
is Country Iceland
77%
ie Country Ireland
77%
it Country Italy
77%
pt-c World Capital Lisbon
77%
uk-c World Capital London
77%
es-c World Capital Madrid
77%
ma Country Morocco
77%
nl Country Netherlands
77%
cy-c World Capital Nicosia
77%
no Country Norway
77%
no-c World Capital Oslo
77%
ca-c World Capital Ottawa
77%
fr-c World Capital Paris
77%
pl Country Poland
77%
pt Country Portugal
77%
ma-c World Capital Rabat
77%
is-c World Capital Reykjavik
77%
it-c World Capital Rome
77%
ru Country Russia
77%
ba-c World Capital Sarajevo
77%
es Country Spain
77%
se-c World Capital Stockholm
77%
se Country Sweden
77%
ee-c World Capital Tallinn
77%
uk Country United Kingdom
77%
uspr Country United States
77%
at-c World Capital Vienna
77%
pl-c World Capital Warsaw
77%
hr-c World Capital Zagreb
77%
al Country Albania
69%
dz Country Algeria
69%
dz-c World Capital Algiers
69%
ad Country Andorra
69%
ad-c World Capital Andorra la Vella
69%
tr-c World Capital Ankara
69%
ar Country Argentina
69%
py-c World Capital Asuncion
69%
gr-c World Capital Athens
69%
au Country Australia
69%
cn-c World Capital Beijing
69%
by Country Belarus
69%
rs-c World Capital Belgrade
69%
br-c World Capital Brasilia
69%
sk-c World Capital Bratislava
69%
br Country Brazil
69%
ro-c World Capital Bucharest
69%
hu-c World Capital Budapest
69%
ar-c World Capital Buenos Aires
69%
bg Country Bulgaria
69%
au-c World Capital Canberra
69%
cn Country China
69%
md-c World Capital Chisinau
69%
hr Country Croatia
69%
cu Country Cuba
69%
cz Country Czech Republic
69%
pg Country Papua New Guinea
69%
tv-c World Capital Funafuti
69%
bi-c World Capital Gitega
69%
gr Country Greece
69%
cu-c World Capital Havana
69%
hu Country Hungary
69%
jp Country Japan
69%
rw-c World Capital Kigali
69%
bo-c1 World Capital La Paz
69%
li Country Liechtenstein
69%
pe-c World Capital Lima
69%
lt Country Lithuania
69%
si-c World Capital Ljubljana
69%
mt Country Malta
69%
by-c World Capital Minsk
69%
md Country Moldova
69%
mc Country Monaco
69%
mc-c World Capital Monaco
69%
me Country Montenegro
69%
nr Country Nauru
69%
nz Country New Zealand
69%
mk Country North Macedonia
69%
py Country Paraguay
69%
pe Country Peru
69%
me-c World Capital Podgorica
69%
cz-c World Capital Prague
69%
kp-c World Capital Pyongyang
69%
lv-c World Capital Riga
69%
ro Country Romania
69%
sm Country San Marino
69%
sm-c World Capital San Marino
69%
kr-c World Capital Seoul
69%
mk-c World Capital Skopje
69%
sk Country Slovakia
69%
si Country Slovenia
69%
bg-c World Capital Sofia
69%
kr Country South Korea
69%
al-c World Capital Tirana
69%
jp-c World Capital Tokyo
69%
ly-c World Capital Tripoli
69%
tr Country Turkey
69%
ua Country Ukraine
69%
li-c World Capital Vaduz
69%
va Country Vatican City
69%
va-c World Capital Vatican City
69%
lt-c World Capital Vilnius
69%
nz-c World Capital Wellington
69%
nr-c World Capital Yaren
69%
et-c World Capital Addis Ababa
62%
af Country Afghanistan
62%
ao Country Angola
62%
mg-c World Capital Antananarivo
62%
ag Country Antigua and Barbuda
62%
ws-c World Capital Apia
62%
th-c World Capital Bangkok
62%
bz Country Belize
62%
bz-c World Capital Belmopan
62%
bj Country Benin
62%
ch-c World Capital Bern
62%
bo Country Bolivia
62%
ba Country Bosnia and Herzegovina
62%
bw Country Botswana
62%
cg-c World Capital Brazzaville
62%
bf Country Burkina Faso
62%
bi Country Burundi
62%
kh Country Cambodia
62%
cm Country Cameroon
62%
cv Country Cape Verde
62%
lc-c World Capital Castries
62%
cf Country Central African Republic
62%
td Country Chad
62%
cl Country Chile
62%
co Country Colombia
62%
km Country Comoros
62%
cr Country Costa Rica
62%
sn-c World Capital Dakar
62%
cd Country Democratic Republic of the Congo
62%
dj Country Djibouti
62%
dj-c World Capital Djibouti
62%
tz-c World Capital Dodoma
62%
dm Country Dominica
62%
ec Country Ecuador
62%
sv Country El Salvador
62%
er Country Eritrea
62%
et Country Ethiopia
62%
fm Country Federated States of Micronesia
62%
fj Country Fiji
62%
sl-c World Capital Freetown
62%
bw-c World Capital Gaborone
62%
gm Country Gambia
62%
gy-c World Capital Georgetown
62%
gh Country Ghana
62%
gd Country Grenada
62%
gt Country Guatemala
62%
gt-c World Capital Guatemala City
62%
gy Country Guyana
62%
ht Country Haiti
62%
vn-c World Capital Hanoi
62%
hn Country Honduras
62%
sb-c World Capital Honiara
62%
in Country India
62%
id Country Indonesia
62%
il Country Israel
62%
ci Country Ivory Coast
62%
id-c World Capital Jakarta
62%
jm Country Jamaica
62%
il-c World Capital Jerusalem
62%
ss-c World Capital Juba
62%
ug-c World Capital Kampala
62%
ke Country Kenya
62%
sd-c World Capital Khartoum
62%
jm-c World Capital Kingston
62%
cd-c World Capital Kinshasa
62%
ki Country Kiribati
62%
xk Country Kosovo
62%
my-c World Capital Kuala Lumpur
62%
ua-c World Capital Kyiv
62%
la Country Laos
62%
lv Country Latvia
62%
lb Country Lebanon
62%
lr Country Liberia
62%
ly Country Libya
62%
tg-c World Capital Lome
62%
lu Country Luxembourg
62%
lu-c World Capital Luxembourg
62%
mg Country Madagascar
62%
mh-c World Capital Majuro
62%
my Country Malaysia
62%
ni-c World Capital Managua
62%
mz-c World Capital Maputo
62%
mh Country Marshall Islands
62%
mr Country Mauritania
62%
mu Country Mauritius
62%
mx Country Mexico
62%
mx-c World Capital Mexico City
62%
so-c World Capital Mogadishu
62%
mn Country Mongolia
62%
uy-c World Capital Montevideo
62%
mz Country Mozambique
62%
td-c World Capital N'Djamena
62%
in-c World Capital New Delhi
62%
pw-c World Capital Ngerulmud
62%
ni Country Nicaragua
62%
ne Country Niger
62%
ng Country Nigeria
62%
kp Country North Korea
62%
to-c World Capital Nukuʻalofa
62%
bf-c World Capital Ouagadougou
62%
fm-c World Capital Palikir
62%
pa Country Panama
62%
pa-c World Capital Panama City
62%
ht-c World Capital Port-au-Prince
62%
mu-c World Capital Port Louis
62%
pg-c World Capital Port Moresby
62%
tt-c World Capital Port-of-Spain
62%
vu-c World Capital Port-Vila
62%
cv-c World Capital Praia
62%
za-c3 World Capital Pretoria
62%
xk-c World Capital Pristina
62%
ec-c World Capital Quito
62%
cg Country Republic of the Congo
62%
dm-c World Capital Roseau
62%
rw Country Rwanda
62%
kn Country Saint Kitts and Nevis
62%
lc Country Saint Lucia
62%
ws Country Samoa
62%
cr-c World Capital San Jose
62%
sv-c World Capital San Salvador
62%
cl-c World Capital Santiago
62%
st-c World Capital Sao Tome
62%
sa Country Saudi Arabia
62%
sn Country Senegal
62%
rs Country Serbia
62%
sl Country Sierra Leone
62%
sg Country Singapore
62%
sg-c World Capital Singapore
62%
sb Country Solomon Islands
62%
so Country Somalia
62%
za Country South Africa
62%
ss Country South Sudan
62%
ki-c World Capital South Tarawa
62%
lk Country Sri Lanka
62%
sd Country Sudan
62%
sr Country Suriname
62%
fj-c World Capital Suva
62%
tw-c World Capital Taipei
62%
tw Country Taiwan
62%
tz Country Tanzania
62%
hn-c World Capital Tegucigalpa
62%
th Country Thailand
62%
tg Country Togo
62%
to Country Tonga
62%
tt Country Trinidad and Tobago
62%
tn-c World Capital Tunis
62%
tn Country Tunisia
62%
tv Country Tuvalu
62%
ug Country Uganda
62%
uy Country Uruguay
62%
mt-c World Capital Valletta
62%
vu Country Vanuatu
62%
ve Country Venezuela
62%
vn Country Vietnam
62%
cm-c World Capital Yaounde
62%
ng-c World Capital Abuja
54%
gh-c World Capital Accra
54%
jo-c World Capital Amman
54%
am Country Armenia
54%
tm-c World Capital Ashgabat
54%
er-c World Capital Asmara
54%
az Country Azerbaijan
54%
bs Country Bahamas
54%
bh Country Bahrain
54%
az-c World Capital Baku
54%
bn-c World Capital Bandar Seri Begawan
54%
bd Country Bangladesh
54%
cf-c World Capital Bangui
54%
gm-c World Capital Banjul
54%
bb Country Barbados
54%
kn-c World Capital Basseterre
54%
lb-c World Capital Beirut
54%
bt Country Bhutan
54%
kg-c World Capital Bishkek
54%
gw-c World Capital Bissau
54%
za-c1 World Capital Bloemfontein
54%
co-c World Capital Bogota
54%
bb-c World Capital Bridgetown
54%
bn Country Brunei
54%
za-c2 World Capital Cape Town
54%
ve-c World Capital Caracas
54%
gn-c World Capital Conakry
54%
sy-c World Capital Damascus
54%
bd-c World Capital Dhaka
54%
tl-c World Capital Dili
54%
vc Country Saint Vincent and the Grenadines
54%
st Country São Tomé and Príncipe
54%
qa-c World Capital Doha
54%
dr Country Dominican Republic
54%
tj-c World Capital Dushanbe
54%
tl Country East Timor
54%
ga Country Gabon
54%
ge Country Georgia
54%
gn Country Guinea
54%
gw Country Guinea-Bissau
54%
zw-c World Capital Harare
54%
ir Country Iran
54%
iq Country Iraq
54%
pk-c World Capital Islamabad
54%
jo Country Jordan
54%
af-c World Capital Kabul
54%
np-c World Capital Kathmandu
54%
kz Country Kazakhstan
54%
vc-c World Capital Kingstown
54%
kw Country Kuwait
54%
kw-c World Capital Kuwait City
54%
kg Country Kyrgyzstan
54%
ls Country Lesotho
54%
ga-c World Capital Libreville
54%
mw-c World Capital Lilongwe
54%
ao-c World Capital Luanda
54%
mw Country Malawi
54%
mv Country Maldives
54%
mv-c World Capital Male
54%
ml Country Mali
54%
bh-c World Capital Manama
54%
ph-c World Capital Manila
54%
sz-c World Capital Mbabane
54%
lr-c World Capital Monrovia
54%
km-c World Capital Moroni
54%
om-c World Capital Muscat
54%
ke-c World Capital Nairobi
54%
na Country Namibia
54%
bs-c World Capital Nassau
54%
ne-c World Capital Niamey
54%
mr-c World Capital Nouakchott
54%
om Country Oman
54%
pk Country Pakistan
54%
pw Country Palau
54%
sr-c World Capital Paramaribo
54%
ph Country Philippines
54%
kh-c World Capital Phnom Penh
54%
bj-c2 World Capital Porto-Novo
54%
qa Country Qatar
54%
sa-c World Capital Riyadh
54%
gd-c World Capital Saint George's
54%
ag-c World Capital Saint John's
54%
ye-c World Capital Sana'a
54%
sc Country Seychelles
54%
bo-c2 World Capital Sucre
54%
ch Country Switzerland
54%
tj Country Tajikistan
54%
uz-c World Capital Tashkent
54%
ge-c World Capital Tbilisi
54%
ir-c World Capital Tehran
54%
bt-c World Capital Thimphu
54%
tm Country Turkmenistan
54%
mn-c World Capital Ulaanbaatar
54%
uz Country Uzbekistan
54%
sc-c World Capital Victoria
54%
la-c World Capital Vientiane
54%
na-c World Capital Windhoek
54%
ye Country Yemen
54%
am-c World Capital Yerevan
54%
zm Country Zambia
54%
zw Country Zimbabwe
54%
ae-c World Capital Abu Dhabi
46%
kz-c World Capital Astana
46%
iq-c World Capital Baghdad
46%
ml-c World Capital Bamako
46%
gq Country Equatorial Guinea
46%
zm-c World Capital Lusaka
46%
ls-c World Capital Maseru
46%
mm-c World Capital Naypyidaw
46%
np Country Nepal
46%
dr-c World Capital Santo Domingo
46%
lk-c World Capital Sri Jayawardenepura Kotte
46%
sy Country Syria
46%
ci-c World Capital Yamoussoukro
46%
bj-c1 World Capital Cotonou
38%
mm Country Myanmar
38%
ae Country United Arab Emirates
38%
sz Country Swaziland
31%
gq-c World Capital Ciudad de la Paz
8%
us-c World Capital District of Columbia
8%
No matching quizzes found
Score Distribution
Percent of People with Each Score
Percentile by Number Answered
Your Score History
You have not taken this quiz